zpět

Detail výsledku týmu

The PUB Praha 6 , Praha

Datum a čas kvízu

27.5 Celkem bodů Celkový počet nahraných bodů na tomto kvízu bez doplňovacích otázek.
16. Pořadí na kvízu Konečné umístění týmu na tomto kvízu.

Zaznamenané odpovědi

# Otázka Odpověď Body Výsledky
21. Ve kterém seriálu se objeví te... Arabela 1
22. Přiřaďte následující hlášky k... 1C 2B 3A 4D 1
23. Ve které pohádce zazněl rozkaz... Tři veteráni 0
24. Doplňte poslední dvě slova v k... o barák 0
25. Na závěr tématu uveďte tři slo... nemůže vidět krev 0
6. Tulamor, Ramses, Padre a Kudla... Lichožrouti, Pavel Šrut 0
7. Pokud jste fanoušky Želv Ninja... 1C 2A 3B 4D 0
8. Jak se jmenuje vesnice (dnes č... Dejvice, Jan Werich 0.5
9. Ze kterého animovaného filmu z... Za plotem 0
10. „Otevři oči a naskoč! Čeká tě... Polární expres 1